History Quiz

Random History or Politics Quiz

Political Photos from the 1950s Quiz Stats

 Plays Quiz Updated Aug 2, 2016

Challenge
Share
Tweet
Score 0/15 Timer 04:00
3 Plays Today
% Correct
United States 1957 - Martin Luther King meets Nixon to discuss race issues
89.1%
South Korea 1950 - US forces cross the 38th parallel dividing Korea
88.7%
Cuba 1958 - Raúl Castro and Che Guevara during the Cuban Revolution
78.2%
United Kingdom 1953 - Coronation of Queen Elizabeth II
69.7%
Monaco 1956 - Grace Kelly marries Prince Rainier III of Monaco
69.3%
USSR (Russia) 1957 - Scientist works on Sputnik near Moscow
64.4%
South Africa 1951 - South Africans are forced to carry cards identifying race
59.1%
Tibet Autonomous Region (China) 1957 - Tibetans at Potala Palace in Lhasa
55.5%
% Correct
Brazil 1959 - During the construction of Brasilia taking only 40 months
52.5%
Vietnam 1954 - Việt Minh raise the flag at Điện Biên Phủ
47.3%
Hungary 1956 - Hungarian Revolution against the Communist government
47.3%
Italy 1957 - The signing of the Treaty of Rome establishing the EEC
44.2%
United States 1951 - The Treaty of San Francisco is signed
37.7%
French colony (Tunisia) 1954 - Habib Bourguiba gives a speech in Bizerte
36.6%
Kenya 1954 - Captured rebels in the Mau Mau Uprising
26.6%

You're not logged in!

Compare scores with friends on all Sporcle quizzes.
OR
Log In

You Might Also Like...

Show Comments

Extras

Top Quizzes Today


Score Distribution

Your Account Isn't Verified!

In order to create a playlist on Sporcle, you need to verify the email address you used during registration. Go to your Sporcle Settings to finish the process.

Report this User

Report this user for behavior that violates our Community Guidelines.

Details: